<?xml version="1.0" encoding="UTF-8"?>
<marc:record xmlns:marc="http://www.loc.gov/MARC21/slim">
   <marc:leader>00000nam a2200000 a 4500</marc:leader>
   <marc:datafield ind1=" " ind2=" " tag="653">
      <marc:subfield code="a">Kassette / Kinder- und Jugendbücher/Kinderbücher bis 11 Jahre</marc:subfield>
   </marc:datafield>
   <marc:datafield ind1=" " ind2=" " tag="653">
      <marc:subfield code="a">CD</marc:subfield>
   </marc:datafield>
   <marc:datafield ind1="0" ind2="0" tag="245">
      <marc:subfield code="a">Der kleine Prinz</marc:subfield>
   </marc:datafield>
   <marc:datafield ind1="0" ind2="0" tag="245">
      <marc:subfield code="c">Antoine de Saint-Exupéry. Gelesen von Luca Zamperoni. Hrsg.: Bert Alexander Petzold. Bearb.: Richard Braun. Regie: Christoph Bette und Bert Alexander Petzold</marc:subfield>
   </marc:datafield>
   <marc:datafield ind1=" " ind2="1" tag="264">
      <marc:subfield code="a">Leipzig</marc:subfield>
      <marc:subfield code="b">Amor-Verl.</marc:subfield>
      <marc:subfield code="c">2015</marc:subfield>
   </marc:datafield>
   <marc:datafield ind1="1" ind2=" " tag="520">
      <marc:subfield code="a">Angaben aus der Verlagsmeldung

Der kleine Prinz mit dem Zaubermantel (Folge 2) gelesen von Luca Zamperoni / von Antoine de Saint-Exupéry

Der lila Minimond spielt verrückt, er dreht sich viel schneller als üblich. Der Astronom Abdulkadir weiß, dass ein sonderbarer König dahinter steckt. Nur mit Hilfe seines Zaubermantels gelingt es dem kleinen Prinzen, den hochmütigen Alten zu überlisten.
</marc:subfield>
   </marc:datafield>
   <marc:datafield ind1=" " ind2=" " tag="020">
      <marc:subfield code="a">9783944063478</marc:subfield>
      <marc:subfield code="9">9783944063478</marc:subfield>
   </marc:datafield>
   <marc:datafield ind1=" " ind2=" " tag="041">
      <marc:subfield code="a">ger</marc:subfield>
   </marc:datafield>
   <marc:datafield ind1=" " ind2=" " tag="300">
      <marc:subfield code="a">1 CD (61 Min.)</marc:subfield>
   </marc:datafield>
</marc:record>
